Pragati's engineering calculus: (Record no. 13753)

MARC details
000 -LEADER
fixed length control field 00943nam a22002537a 4500
005 - DATE AND TIME OF LATEST TRANSACTION
control field 2008061709559.0
008 - FIXED-LENGTH DATA ELEMENTS--GENERAL INFORMATION
fixed length control field 080617t xxu||||| |||| 00| 0 eng d
010 ## - LIBRARY OF CONGRESS CONTROL NUMBER
LC control number ENG-90355
020 ## - INTERNATIONAL STANDARD BOOK NUMBER
Terms of availability 200.00
International Standard Book Number 8183984270
035 ## - SYSTEM CONTROL NUMBER
System control number EN-73888
037 ## - SOURCE OF ACQUISITION
Source of stock number/acquisition DBAD / PUB
040 ## - CATALOGING SOURCE
Original cataloging agency DPL
Language of cataloging EN
082 ## - DEWEY DECIMAL CLASSIFICATION NUMBER
Classification number 515.02462
100 ## - MAIN ENTRY--PERSONAL NAME
Personal name Bhupendra Singh
245 ## - TITLE STATEMENT
Title Pragati's engineering calculus:
Statement of responsibility, etc by Bhupendra Singh [and] Sudhir K. Pundir
Remainder of title [for B.Tech. I year students of Bannasthali University] /
260 ## - PUBLICATION, DISTRIBUTION, ETC. (IMPRINT)
Place of publication, distribution, etc Meerut
Name of publisher, distributor, etc Pragati Prakashan
Date of publication, distribution, etc 2008
270 ## - ADDRESS
Address Pragati Bhawan, 240, W.K, Road,
City Meerut
Postal code 250001
300 ## - PHYSICAL DESCRIPTION
Extent viii, 432p.
Dimensions 25 cm (pbk)
490 ## - SERIES STATEMENT
Series statement
500 ## - GENERAL NOTE
General note
700 ## - ADDED ENTRY--PERSONAL NAME
Personal name Pundir, Sudhir K.
942 ## - ADDED ENTRY ELEMENTS (KOHA)
Koha item type English Books
Classification part 515.02462
Source of classification or shelving scheme Dewey Decimal Classification
Call number suffix BHU
Holdings
Withdrawn status Lost status Damaged status Not for loan Collection code Home library Current library Date acquired Source of acquisition Cost, normal purchase price Total Checkouts Full call number Barcode Date last seen Copy number Cost, replacement price Price effective from Koha item type
      Not For Loan Non-fiction D.B.Act.Division D.B.Act.Division 17/06/2008 DBAD / PUB 200.00   515.02462 BHU EN-73888 15/09/2008 1 200.00 15/09/2008 English Books

© Delhi Public Library
Hit Counter
free hit counter